Mars and Venus in the workplace : a practical guide for improving communication and getting results at work

Bibliographic Details
Main Author: Gray, John
Format: Book
Published: New York : HarperCollins Publishers , 2002
Subjects:

MARC

LEADER 00000cam a2200000 7i4500
001 0000015829
005 20080414.0
008 080414
020 |a 006019796X 
090 0 0 |a 658.45   |b GRA 
100 1 |a Gray, John 
245 1 0 |a Mars and Venus in the workplace :   |b a practical guide for improving communication and getting results at work   |c John Gray 
260 |a New York :   |b HarperCollins Publishers ,   |c 2002 
650 0 |a Communication in management 
650 0 |a Communication in organization 
999 |a 0001018617   |b Book   |c Adult Collection   |e Perbadanan Perpustakaan Awam Johor 
999 |a 0001018618   |b Book   |c Adult Collection   |e Perbadanan Perpustakaan Awam Johor